书目信息 |
| 题名: |
圣经故事
|
|
| 作者: | 刘小江 编著 | |
| 分册: | ||
| 出版信息: | 北京 人民文学出版社 2003 |
|
| 页数: | 405页 | |
| 开本: | 21cm | |
| 丛书名: | ||
| 单 册: | ||
| 中图分类: | B971 , I382.73 | |
| 科图分类: | ||
| 主题词: | 文学 | |
| 电子资源: | ||
| ISBN: | 7-02-004221-X | |
| 000 | 00802n|m0 2200253 450 | |
| 001 | 1534548977 | |
| 005 | 20150129090444.28 | |
| 010 | @a7-02-004221-X@dCNY19.00 | |
| 100 | @a20030904d2003 em y0chiy50 ea | |
| 101 | 0 | @achi |
| 102 | @aCN@b110000 | |
| 105 | @aa z 000fy | |
| 200 | 1 | @a圣经故事@9sheng jing gu shi@e插图本@f刘小江编著 |
| 210 | @a北京@c人民文学出版社@d2003 | |
| 215 | @a405页@c插图@d21cm | |
| 330 | @a本书图文并茂,配合一百幅木刻作品,展示了这本不仅是宗教性读物,同时也是研究世界历史,政治,经济和文化的综合性读物的内容精华。 | |
| 510 | 1 | @aBiblical Stories@zeng |
| 605 | @a《圣经》@x故事@j选集 | |
| 606 | 0 | @a文学 |
| 690 | @aB971@v5 | |
| 690 | @aI382.73@v4 | |
| 701 | 0 | @a刘小江@9liu xiao jiang@c(宗教)@4编著 |
| 801 | 0 | @aCN@bTSSF@c20150129 |
| 905 | @aZUCC@dI382.73@eJY19 | |
| 圣经故事:插图本/刘小江编著.-北京:人民文学出版社,2003 |
| 405页:插图;21cm |
| ISBN 7-02-004221-X:CNY19.00 |
| 本书图文并茂,配合一百幅木刻作品,展示了这本不仅是宗教性读物,同时也是研究世界历史,政治,经济和文化的综合性读物的内容精华。 |
| ● |
| 相关链接 |
|
|
|
|
正题名:圣经故事
索取号:I382.73/JY19
 
预约/预借
| 序号 | 登录号 | 条形码 | 馆藏地/架位号 | 状态 | 备注 |
| 1 | 7838353 | 278383535 | 学院路分馆/ [索取号:I382.73/JY19] | 在馆 | |
| 2 | 7841449 | 278414495 | 学院路分馆/ [索取号:I382.73/JY19] | 在馆 | |
| 3 | 7844304 | 278443043 | 学院路分馆/ [索取号:I382.73/JY19] | 在馆 |